| 000 | 00733nam a22001697a 4500 | ||
|---|---|---|---|
| 005 | 20170427101111.0 | ||
| 020 |
_a9789351448419 _c945.00 |
||
| 035 | _aB-665218 | ||
| 037 | _bDBAD/PUB | ||
| 082 | _a621.8 | ||
| 245 |
_aGATE 2017 graduate aptitude test in engineering: _cby Gateforum _bmachanical engineering / |
||
| 260 |
_aNoida _bMcGraw Hill Education _c2017 |
||
| 270 |
_aB-4, Sector-63, Dist. Gautam Budh Nagar _bNoida _e201301 |
||
| 300 |
_avarious pagings : _c25cm(pbk) _bill |
||
| 942 |
_2ddc _cEN _h621.8 _mGAT |
||
| 999 |
_c139288 _d139288 |
||